Т. 109, вып. 3; Атомная энергия

Bibliographic Details
Parent link:Атомная энергия: теоретический и научно-технический журнал/ Российская академия наук ; Государственная корпорация "Росатом", ядерного общества России. Т. 109, вып. 3.— , 1956-
Language:Russian
Published: 2010
Format: Book
KOHA link:https://koha.lib.tpu.ru/cgi-bin/koha/opac-detail.pl?biblionumber=429269

MARC

LEADER 00000nam2a2200000 4500
001 429269
005 20231101074933.0
035 |a (RuTPU)RU\TPU\prd\89100 
090 |a 429269 
100 |a 20101102a19569999k y0rusy50 ca 
101 0 |a rus 
102 |a RU 
200 0 |a Т. 109, вып. 3 
210 |d 2010 
461 1 |0 (RuTPU)RU\TPU\prd\33  |t Атомная энергия  |o теоретический и научно-технический журнал  |f Российская академия наук ; Государственная корпорация "Росатом", ядерного общества России  |v Т. 109, вып. 3  |d 1956- 
801 0 |a RU  |b 63413507  |c 20010227  |g PSBO 
801 1 |a RU  |b 63413507  |c 20101102 
801 2 |a RU  |b 63413507  |c 20230321  |g RCR 
942 |c BK 
999 |a НТБ_ТПУ  |b НФ  |e -1/20100108  |p П-6009  |s 1/20100329  |u 0,00  |v 1